Loading...
| Science - Chemistry | 0 | 7 | 0 | 2 | 70 | 101 | 121.86 | 0 | 0 | 6.31 | 16.75 |
| History - European | 1 | 5 | 0 | 2 | 65 | 71 | 121.17 | 1 | 1 | 9.11 | 20.76 |
| History - World | 1 | 4 | 2 | 2 | 45 | 68 | 107.20 | 0 | 1 | 9.63 | 23.57 |
| Mythology | 0 | 4 | 0 | 0 | 40 | 87 | 104.50 | 1 | 2 | 18.46 | 48.33 |
| History - Other | 1 | 2 | 1 | 0 | 30 | 85 | 96.67 | 0 | 1 | 8.54 | 16.19 |
| Fine Arts - Painting and Sculpture | 0 | 2 | 0 | 0 | 20 | 136 | 143.50 | 0 | 0 | 0.00 | 1.67 |
| History - American | 0 | 2 | 1 | 0 | 15 | 91 | 92.50 | 2 | 2 | 5.39 | 15.38 |
| Other Science (Astronomy) | 1 | 0 | 0 | 0 | 15 | 82 | 82.00 | 1 | 1 | 20.07 | 50.00 |
| Religion | 0 | 2 | 1 | 1 | 15 | 136 | 142.00 | 0 | 0 | -0.05 | 3.80 |
| Fine Arts - Other Arts | 0 | 1 | 0 | 1 | 10 | 138 | 138.00 | 0 | 0 | 0.06 | 0.55 |
| Geography | 0 | 1 | 0 | 1 | 10 | 157 | 157.00 | 0 | 0 | -0.21 | 2.56 |
| Literature - European | 0 | 1 | 0 | 0 | 10 | 152 | 152.00 | 0 | 0 | 0.29 | 2.56 |
| Other Science (Earth Science) | 0 | 1 | 0 | 0 | 10 | 127 | 127.00 | 0 | 0 | 7.67 | 15.38 |
| Literature - World | 0 | 1 | 1 | 0 | 5 | 158 | 158.00 | 0 | 0 | 0.05 | 1.18 |
| Science - Physics | 0 | 1 | 1 | 0 | 5 | 116 | 116.00 | 0 | 0 | 0.45 | 5.59 |
| Science - Biology | 0 | 2 | 4 | 0 | 0 | 116 | 129.50 | 0 | 0 | 0.49 | 8.03 |
| Literature - American | 0 | 0 | 1 | 0 | -5 | 0.00 | 0 | 0 | 0.00 | 0.00 |